[Event "NZL-ch Rapid 131st"]
[Site "Palmerston North"]
[Date "2024.01.12"]
[Round "6.9"]
[White "Archer, Ollie"]
[Black "Charles, Dion"]
[Result "1-0"]
[WhiteElo "2024"]
[BlackElo "1732"]
[PlyCount "44"]
[EventDate "2024.01.11"]
[EventType "swiss (rapid)"]
[EventRounds "9"]
[EventCountry "NZL"]
[SourceTitle "CB03_2024"]
[SourceDate "2024.01.17"]
[SourceVersion "1"]
[SourceVersionDate "2024.01.17"]
[SourceQuality "1"]

1. d4 d5 2. c4 e6 3. Nc3 Nf6 4. cxd5 exd5 5. Bg5 Be7 6. e3 0-0 7. Bd3 c6 8. Qc2 g6 9. Nge2 Na6 10. a3 Nc7 11. 0-0 Ne6 12. Bh4 Ng7 13. f3 Re8 14. Rae1 Bf5 15. e4 dxe4 16. fxe4 Nxe4 17. Bxe7 Rxe7 18. Bxe4 Qd6 19. Kh1 Rae8 20. Ng3 Bg4 21. Qf2 Ne6 22. h3 Qd8 1-0

[Event "NZL-ch Rapid 131st"]
[Site "Palmerston North"]
[Date "2024.01.12"]
[Round "5.6"]
[White "Charles, Dion"]
[Black "Steadman, Michael VR"]
[Result "1/2-1/2"]
[WhiteElo "1732"]
[BlackElo "2072"]
[PlyCount "77"]
[EventDate "2024.01.11"]
[EventType "swiss (rapid)"]
[EventRounds "9"]
[EventCountry "NZL"]
[SourceTitle "CB03_2024"]
[SourceDate "2024.01.17"]
[SourceVersion "1"]
[SourceVersionDate "2024.01.17"]
[SourceQuality "1"]

1. d4 g6 2. g3 Bg7 3. Bg2 d6 4. c4 Nd7 5. e4 e5 6. Nf3 Ngf6 7. Nc3 0-0 8. 0-0 a5 9. Bd2 exd4 10. Nxd4 Ne5 11. b3 Bd7 12. Qc2 a4 13. Ndb5 axb3 14. axb3 Rxa1 15. Rxa1 Bg4 16. Ra7 Qb8 17. Ra1 Re8 18. h3 Bf3 19. Re1 Nfd7 20. Re3 Bxg2 21. Kxg2 c6 22. Na3 Nf8 23. Ne2 Ne6 24. Nb1 Qa7 25. Nf4 Nd4 26. Qd1 Qb6 27. Ne2 Nd7 28. Bc3 Nxe2 29. Rxe2 Nc5 30. Bxg7 Kxg7 31. Nd2 Qb4 32. Qc2 f5 33. Kf1 fxe4 34. Nxe4 Qxb3 35. Nxd6 Rxe2 36. Qxe2 Kf6 37. Ne8+ Kf7 38. Nd6+ Kf6 39. Ne8+ 1/2-1/2

[Event "NZL-ch op-B 130th"]
[Site "Wellington"]
[Date "2023.01.08"]
[Round "7"]
[White "Hwang, Ryan"]
[Black "Charles, Dion"]
[Result "0-1"]
[WhiteElo "1655"]
[BlackElo "1896"]
[PlyCount "72"]
[EventDate "2023.01.02"]
[EventType "swiss"]
[EventRounds "9"]
[EventCountry "NZL"]
[SourceTitle "CBM 212 Extra"]
[Source "ChessBase"]
[SourceDate "2023.03.31"]
[SourceVersion "1"]
[SourceVersionDate "2023.03.31"]
[SourceQuality "1"]

1. e4 c5 2. Nf3 e6 3. d4 cxd4 4. Nxd4 a6 5. Nc3 Qc7 6. a3 Nf6 7. Be2 Nc6 8. Nxc6 bxc6 9. 0-0 Be7 10. Be3 0-0 11. Re1 Bb7 12. Qd2 d5 13. exd5 cxd5 14. Bf4 e5 15. Bg3 d4 16. Nd1 Ne4 17. Qd3 f5 18. Qc4+ Qxc4 19. Bxc4+ Kh8 20. Bxe5 Bc5 21. Kh1 f4 22. b4 Rae8 23. f3 Nd2 24. Nb2 Bb6 25. Bxf4 Rxe1+ 26. Rxe1 Nxf3 27. gxf3 Bxf3+ 28. Kg1 d3+ 29. Be3 d2 30. Rb1 Bxe3+ 31. Kf1 Be4+ 32. Ke2 Bxc2 33. Rh1 Re8 34. Kf3 Bd4 35. Nd1 Re1 36. Kg2 Be4+ 0-1

[Event "NZL-ch op-B 130th"]
[Site "Wellington"]
[Date "2023.01.06"]
[Round "5"]
[White "Cooke, Xandi"]
[Black "Charles, Dion"]
[Result "1-0"]
[WhiteElo "1612"]
[BlackElo "1896"]
[PlyCount "39"]
[EventDate "2023.01.02"]
[EventType "swiss"]
[EventRounds "9"]
[EventCountry "NZL"]
[SourceTitle "CBM 212 Extra"]
[Source "ChessBase"]
[SourceDate "2023.03.31"]
[SourceVersion "1"]
[SourceVersionDate "2023.03.31"]
[SourceQuality "1"]

1. d4 d5 2. c4 dxc4 3. Nc3 e5 4. d5 Nf6 5. e4 b5 6. a3 a6 7. Nf3 Nbd7 8. Bg5 Be7 9. Be2 Bb7 10. 0-0 0-0 11. b3 cxb3 12. Qxb3 Nc5 13. Qc2 Nfd7 14. Be3 f6 15. Nd2 Bd6 16. Nb3 Nxb3 17. Qxb3 Qe7 18. Bg4 Nc5 19. Bxc5 Bxc5 20. d6+ 1-0

[Event "NZL-ch op-B 130th"]
[Site "Wellington"]
[Date "2023.01.05"]
[Round "4"]
[White "Charles, Dion"]
[Black "Zhang, Yaoyuan"]
[Result "1/2-1/2"]
[WhiteElo "1896"]
[BlackElo "1515"]
[PlyCount "81"]
[EventDate "2023.01.02"]
[EventType "swiss"]
[EventRounds "9"]
[EventCountry "NZL"]
[SourceTitle "CBM 212 Extra"]
[Source "ChessBase"]
[SourceDate "2023.03.31"]
[SourceVersion "1"]
[SourceVersionDate "2023.03.31"]
[SourceQuality "1"]

1. e4 c6 2. d4 d5 3. exd5 cxd5 4. Bd3 Nc6 5. c3 Nf6 6. h3 e5 7. dxe5 Nxe5 8. Be3 Qc7 9. Nf3 Nxd3+ 10. Qxd3 Be6 11. Nbd2 a6 12. 0-0 Be7 13. a4 0-0 14. a5 Bc5 15. Bxc5 Qxc5 16. Nb3 Qc7 17. Rfd1 Rac8 18. Ra4 Rfd8 19. Rb4 Rb8 20. Qe3 Rd6 21. Qa7 Bd7 22. Nc5 Qc8 23. Nxb7 Qc7 24. Qxb8+ Qxb8 25. Nxd6 Qxd6 26. Rb6 Qc7 27. Rxa6 h6 28. Rd4 Bb5 29. Ra8+ Kh7 30. Rb4 Qb7 31. Nd4 Qxa8 32. Rxb5 Ne4 33. f3 Nd6 34. Rc5 Nc4 35. b4 Na3 36. Rc6 Nb5 37. Rc5 Nxd4 38. cxd4 Kg8 39. Rb5 Qc8 40. a6 Qc1+ 41. Kh2 1/2-1/2

[Event "NZL-ch Major op"]
[Site "Palmerston North"]
[Date "2021.01.05"]
[Round "4"]
[White "Charles, Dion"]
[Black "He, Paul"]
[Result "1-0"]
[WhiteElo "1760"]
[BlackElo "1675"]
[PlyCount "68"]
[EventDate "2021.01.02"]
[EventType "swiss"]
[EventRounds "9"]
[EventCountry "NZL"]
[SourceTitle "EXT 2024"]
[Source "ChessBase"]
[SourceDate "2023.10.10"]
[SourceVersion "1"]
[SourceVersionDate "2023.10.10"]
[SourceQuality "1"]

1. d4 Nf6 2. Bg5 Ne4 3. h4 d5 4. Nd2 Bf5 5. e3 c5 6. Nxe4 Bxe4 7. Nf3 h6 8. Bf4 Nc6 9. c3 e6 10. Be2 Bd6 11. Bxd6 Qxd6 12. Qa4 c4 13. b3 cxb3 14. axb3 Ke7 15. 0-0 g5 16. h5 Rhg8 17. Nd2 Bh7 18. c4 g4 19. Qb5 Rab8 20. cxd5 exd5 21. Qc5 f5 22. f3 Qxc5 23. dxc5 a6 24. Ra4 Ne5 25. Rb4 Nc6 26. Rf4 Ne5 27. fxg4 Nxg4 28. Bxg4 Rxg4 29. Rxg4 fxg4 30. Rf4 Rg8 31. Rb4 Bd3 32. Rxb7+ Kf6 33. Rb6+ Kg5 34. Rd6 Kxh5 1-0

[Event "NZL-ch Major op"]
[Site "Palmerston North"]
[Date "2018.01.06"]
[Round "6"]
[White "Charles, Dion"]
[Black "Yee, Stanley"]
[Result "0-1"]
[WhiteElo "1747"]
[BlackElo "1898"]
[PlyCount "68"]
[EventDate "2018.01.01"]
[EventType "swiss"]
[EventRounds "9"]
[EventCountry "NZL"]
[SourceTitle "EXT 2019"]
[Source "ChessBase"]
[SourceDate "2018.10.10"]
[SourceVersion "1"]
[SourceVersionDate "2018.10.10"]
[SourceQuality "1"]

1. e4 c5 2. Nf3 e6 3. d4 cxd4 4. Nxd4 a6 5. Bd3 Nf6 6. 0-0 d6 7. Be3 Be7 8. c4 0-0 9. Nc3 Nbd7 10. Qe2 Qc7 11. a3 Ne5 12. Rac1 Nxd3 13. Qxd3 b6 14. Rfd1 Ng4 15. h3 Nxe3 16. Qxe3 Bb7 17. f4 h6 18. g4 Rad8 19. g5 hxg5 20. fxg5 Qc5 21. h4 f5 22. Nd5 exd5 23. cxd5 Qa5 24. Nxf5 Rd7 25. h5 b5 26. h6 Qd8 27. hxg7 Rxf5 28. exf5 Bxg5 29. Qe6+ Kxg7 30. Kh1 Bxc1 31. Rg1+ Kh8 32. Qg6 Qh4+ 33. Kg2 Rg7 34. Rh1 Bxd5+ 0-1

[Event "NZL-ch U20 op"]
[Site "Palmerston North"]
[Date "2018.01.04"]
[Round "3"]
[White "Calitz, Hananke"]
[Black "Charles, Dion"]
[Result "1/2-1/2"]
[WhiteElo "1699"]
[BlackElo "1747"]
[PlyCount "88"]
[EventDate "2018.01.02"]
[EventType "swiss"]
[EventRounds "6"]
[EventCountry "NZL"]
[SourceTitle "EXT 2019"]
[Source "ChessBase"]
[SourceDate "2018.10.10"]
[SourceVersion "1"]
[SourceVersionDate "2018.10.10"]
[SourceQuality "1"]

1. d4 d5 2. Nf3 e6 3. e3 Bd6 4. Bd3 Nd7 5. c3 f5 6. c4 Ndf6 7. Nbd2 c6 8. b3 Ne4 9. Bb2 Ngf6 10. Ne5 0-0 11. 0-0 Nxd2 12. Qxd2 Ne4 13. Qe2 Qh4 14. f3 Ng5 15. Qf2 Qh6 16. Qe2 Nf7 17. Rad1 Bd7 18. g3 Be8 19. Bc2 Ng5 20. Qg2 Bg6 21. Nd7 Rf7 22. Ne5 Re7 23. f4 Ne4 24. Nxg6 Qxg6 25. Bxe4 fxe4 26. c5 Bc7 27. b4 b5 28. a3 Rf8 29. Rf2 Rf6 30. Rdf1 Qf7 31. Re1 Qf8 32. Kf1 Ref7 33. Ke2 g5 34. Ref1 gxf4 35. gxf4+ Rg6 36. Qh1 Qh6 37. Rg2 Rfg7 38. Rfg1 Kf7 39. Bc3 Qh5+ 40. Kd2 Rg4 41. Kc2 Qh3 42. Rxg4 Rxg4 43. Rxg4 Qxg4 44. Qf1 Bd8 1/2-1/2

[Event "North Island-ch"]
[Site "Palmerston North"]
[Date "2016.10.04"]
[Round "4"]
[White "Cooper, Nigel"]
[Black "Charles, Dion"]
[Result "0-1"]
[WhiteElo "1671"]
[BlackElo "1617"]
[PlyCount "74"]
[EventDate "2016.10.03"]
[EventType "swiss"]
[EventRounds "9"]
[EventCountry "NZL"]
[SourceTitle "EXT 2018"]
[Source "ChessBase"]
[SourceDate "2017.10.13"]
[SourceVersion "1"]
[SourceVersionDate "2017.10.13"]
[SourceQuality "1"]

1. e4 d5 2. exd5 Qxd5 3. c4 Qa5 4. Nc3 Bf5 5. d4 Nf6 6. Bd2 c6 7. Nd5 Qd8 8. Nxf6+ exf6 9. Nf3 Bd6 10. Be2 0-0 11. Bd3 Bb4 12. Kf1 Bg6 13. h4 Nd7 14. Bxg6 hxg6 15. Qb3 c5 16. d5 Qc7 17. g3 Ne5 18. Bf4 Rfe8 19. Kg2 Qe7 20. Nxe5 fxe5 21. Bg5 Qd7 22. Qf3 Qf5 23. Qe2 Ba5 24. Be3 Rac8 25. h5 g5 26. h6 g6 27. g4 Qd7 28. Bxg5 Kh7 29. f3 f5 30. gxf5 gxf5 31. Rab1 Rg8 32. Rh5 Bd8 33. Qxe5 Bxg5 34. Kf2 Rce8 35. Qh2 Qe7 36. Kf1 Qe3 37. Qf2 Qd3+ 0-1

[Event "North Island-ch"]
[Site "Palmerston North"]
[Date "2016.10.03"]
[Round "1"]
[White "Charles, Dion"]
[Black "James, Jack"]
[Result "0-1"]
[WhiteElo "1617"]
[BlackElo "1997"]
[PlyCount "48"]
[EventDate "2016.10.03"]
[EventType "swiss"]
[EventRounds "9"]
[EventCountry "NZL"]
[SourceTitle "EXT 2018"]
[Source "ChessBase"]
[SourceDate "2017.10.13"]
[SourceVersion "1"]
[SourceVersionDate "2017.10.13"]
[SourceQuality "1"]

1. e4 c5 2. c3 d5 3. e5 Nc6 4. d4 cxd4 5. cxd4 Qb6 6. Nf3 Bg4 7. Nc3 e6 8. Be2 Bxf3 9. Bxf3 Qxd4 10. Qe2 a6 11. 0-0 Qxe5 12. Qd1 Nge7 13. Re1 Qd6 14. g3 0-0-0 15. Be2 d4 16. Ne4 Qc7 17. Bd2 Nd5 18. Rc1 Kb8 19. Qb3 Qd7 20. Nc5 Bxc5 21. Rxc5 Nde7 22. Rec1 Ka7 23. a4 Rc8 24. Qc4 Ne5 0-1

[Event "North Island-ch"]
[Site "Palmerston North"]
[Date "2016.10.03"]
[Round "2"]
[White "Davies, Geoff"]
[Black "Charles, Dion"]
[Result "1/2-1/2"]
[WhiteElo "1830"]
[BlackElo "1617"]
[PlyCount "114"]
[EventDate "2016.10.03"]
[EventType "swiss"]
[EventRounds "9"]
[EventCountry "NZL"]
[SourceTitle "EXT 2018"]
[Source "ChessBase"]
[SourceDate "2017.10.13"]
[SourceVersion "1"]
[SourceVersionDate "2017.10.13"]
[SourceQuality "1"]

1. e4 c5 2. d4 cxd4 3. Nf3 e6 4. Nxd4 a6 5. g3 Qc7 6. Bg2 b5 7. 0-0 Bb7 8. Be3 Nf6 9. Nd2 Be7 10. Rc1 Nc6 11. c4 b4 12. f4 d6 13. Re1 Rc8 14. b3 0-0 15. Nxc6 Bxc6 16. Qe2 Qb7 17. Bd4 Nd7 18. f5 Nc5 19. Qg4 e5 20. Bxc5 dxc5 21. Nf1 Rfd8 22. Rcd1 Rxd1 23. Rxd1 Rd8 24. Rxd8+ Bxd8 25. Ne3 Qd7 26. Nd5 f6 27. Qf3 a5 28. h4 Qe8 29. Kf2 Qd7 30. g4 Qf7 31. Qe3 Qf8 32. g5 Be8 33. Bf3 Bf7 34. Ke2 Qd6 35. Kd3 Be7 36. Qg1 Qd8 37. g6 Bxd5 38. gxh7+ Kh8 39. cxd5 Qc8 40. Qg6 a4 41. Bh5 axb3 42. axb3 Qa8 43. Qe8+ Qxe8 44. Bxe8 Kxh7 45. Kc4 Kg8 46. Kb5 Kf8 47. Bd7 Bd6 48. Bc8 Ke8 49. Kc6 c4 50. Ba6 c3 51. Bd3 Bf8 52. Kc7 Be7 53. d6 Bd8+ 54. Kc8 Ba5 55. Bb5+ Kf8 56. Bd3 Ke8 57. Bc2 Bd8 1/2-1/2

[Event "NZL-ch U08/18 op"]
[Site "Palmerston North"]
[Date "2016.09.27"]
[Round "2"]
[White "James, Jack"]
[Black "Charles, Dion"]
[Result "1-0"]
[WhiteElo "1997"]
[BlackElo "1617"]
[PlyCount "23"]
[EventDate "2016.09.27"]
[EventType "swiss"]
[EventRounds "7"]
[EventCountry "NZL"]
[SourceTitle "EXT 2018"]
[Source "ChessBase"]
[SourceDate "2017.10.13"]
[SourceVersion "1"]
[SourceVersionDate "2017.10.13"]
[SourceQuality "1"]

1. e4 d6 2. Bc4 Nf6 3. d3 g6 4. Nc3 Bg7 5. f4 c5 6. Nf3 Nc6 7. 0-0 0-0 8. Qe1 a6 9. Qh4 e5 10. f5 b5 11. Bg5 bxc4 12. Nd5 1-0

[Event "NZL-ch Major op"]
[Site "Devonport"]
[Date "2016.01.08"]
[Round "7"]
[White "Charles, Dion"]
[Black "Michael, Andrew"]
[Result "1-0"]
[WhiteElo "1629"]
[BlackElo "1741"]
[PlyCount "37"]
[EventDate "2016.01.02"]
[EventType "swiss"]
[EventRounds "9"]
[EventCountry "NZL"]
[SourceTitle "EXT 2018"]
[Source "ChessBase"]
[SourceDate "2017.10.13"]
[SourceVersion "1"]
[SourceVersionDate "2017.10.13"]
[SourceQuality "1"]

1. e4 c5 2. Nf3 d6 3. d4 cxd4 4. Nxd4 Nf6 5. Nc3 g6 6. f4 Bg7 7. e5 dxe5 8. fxe5 Ng4 9. Bb5+ Kf8 10. Ne6+ fxe6 11. Qxd8+ Kf7 12. 0-0+ Nf6 13. Qd3 a6 14. Ba4 b5 15. Bb3 Nc6 16. exf6 Bxf6 17. Qf3 Bd7 18. Bg5 Nd4 19. Qd3 1-0